| 000 | 00561nam a2200181 i 4500 | ||
|---|---|---|---|
| 001 | 89996 | ||
| 003 | ES-MaACL | ||
| 005 | 20230906180324.0 | ||
| 007 | t| | ||
| 008 | 050117s1952 sp ||||1| spa d | ||
| 100 | 1 |
_aLee, Norman. _971189 |
|
| 245 | 1 | 0 |
_aTerror en la aldea _b: ; La legión del águila / _cNorman Lee, versión española de Julio Bañeres. |
| 260 |
_aBarcelona : _bSeix Barral, _c1952. |
||
| 300 |
_a325 p. : _bil. ; _c19 cm. |
||
| 700 | 1 |
_aBañeres, Julio. _925229 |
|
| 740 | 3 | _aLa legión del águila. | |
| 852 |
_aES-MaACL _jD-8872 _bR.33403 |
||
| 999 |
_c89996 _d89996 |
||